Optional or Mandatory? Dark Souls Bosses - Statistics

General Stats
  • This quiz has been taken 110 times
  • The average score is 22 of 26
Answer Stats
Hint Explanation Answer % Correct
Ornstein and Smough Mandatory
95%
Bed of Chaos Mandatory
95%
Chaos Witch Quelaag Mandatory
92%
Iron Golem Mandatory
92%
Gwyn, Lord of Cinder Mandatory
92%
Gravelord Nito Mandatory
91%
Black Dragon Kalameet The Entire DLC is completely optional Optional
91%
Asylum Demon Mandatory
89%
Bell Gargoyles Mandatory
89%
Seath the Scaleless Mandatory
89%
Four Kings Mandatory
89%
Crossbreed Priscilla Optional
87%
Dark sun Gwyndolin Optional
87%
Pinwheel Mandatory
85%
Moonlight Butterfly Optional
85%
Sanctuary Guardian The Entire DLC is completely optional Optional
85%
Manus, Father of the Abyss The Entire DLC is completely optional Optional
85%
Great Grey Wolf Sif Mandatory
84%
Knight Artorias The Entire DLC is completely optional Optional
84%
Stray Demon Optional
83%
Ceaseless Discharge Mandatory
77%
Gaping Dragon Can be skipped by using the Master Key Optional
77%
Capra Demon Can be skipped by using the Master Key Optional
73%
Taurus Demon Can be skipped by using the Master Key Optional
57%
Demon Firesage Can be skipped through a door accessed from the Chaos Servant Covenant Optional
57%
Centipede Demon Can be skipped through a door accessed from the Chaos Servant Covenant Optional
56%
No matching quizzes found
Score Distribution
Percent of People with Each Score
Percentile by Number Answered
Your Score History
You have not taken this quiz